[Event "CZE-chT1E 1415"]
[Site "Czech Republic"]
[Date "2015.04.12"]
[Round "11.5"]
[White "Mikulcik, Ladislav"]
[Black "Cernin, Radim"]
[Result "0-1"]
[WhiteElo "2245"]
[BlackElo "2258"]
[PlyCount "78"]
[EventDate "2014.10.19"]
[EventType "team-tourn"]
[EventRounds "11"]
[EventCountry "CZE"]
[SourceTitle "EXT 2016"]
[Source "ChessBase"]
[SourceDate "2015.10.08"]
[SourceVersion "1"]
[SourceVersionDate "2015.10.08"]
[SourceQuality "1"]
[WhiteTeam "Zlin"]
[BlackTeam "Opava"]
[WhiteTeamCountry "CZE"]
[BlackTeamCountry "CZE"]

1. d4 Nf6 2. Nf3 g6 3. c4 Bg7 4. Nc3 d5 5. Qb3 dxc4 6. Qxc4 0-0 7. e4 Nc6 8. Be2 Bg4 9. Be3 e5 10. d5 Bxf3 11. gxf3 Nd4 12. Bxd4 exd4 13. Qxd4 Nh5 14. Qd2 Be5 15. h4 Qf6 16. Nd1 c6 17. dxc6 Rad8 18. Qg5 Qd6 19. Nc3 h6 20. Qe3 Bf4 21. Qxa7 Qd2+ 22. Kf1 Qxb2 23. Rb1 Qxc3 24. cxb7 Bb8 25. Qa6 Qc2 26. Re1 Rd6 27. Qc4 Qb2 28. Rg1 Qxb7 29. e5 Rb6 30. f4 Rb4 31. Rxg6+ Ng7 32. Bf3 Qe7 33. Qd5 Rd8 34. f5 Rxd5 35. Rxg7+ Kh8 36. Bxd5 Qc5 37. e6 Kxg7 38. e7 Ba7 39. Re2 Rb1+ 0-1

[Event "CZE-chT1E 1415"]
[Site "Czech Republic"]
[Date "2014.11.09"]
[Round "2.5"]
[White "Mikulcik, Ladislav"]
[Black "Nemec, Pavel"]
[Result "0-1"]
[WhiteElo "2245"]
[BlackElo "2265"]
[PlyCount "66"]
[EventDate "2014.10.19"]
[EventType "team-tourn"]
[EventRounds "11"]
[EventCountry "CZE"]
[SourceTitle "EXT 2015"]
[Source "ChessBase"]
[SourceDate "2014.11.20"]
[SourceVersion "1"]
[SourceVersionDate "2014.11.20"]
[SourceQuality "1"]
[WhiteTeam "Zlin"]
[BlackTeam "Chrudim"]
[WhiteTeamCountry "CZE"]
[BlackTeamCountry "CZE"]

1. d4 Nf6 2. c4 e6 3. Nc3 d5 4. Bg5 Nbd7 5. Nf3 Be7 6. e3 0-0 7. Rc1 a6 8. cxd5 exd5 9. Bd3 Re8 10. Qc2 Nf8 11. 0-0 c6 12. Rb1 Ne4 13. Bxe7 Qxe7 14. b4 Nd6 15. a4 b5 16. Rfe1 Nc4 17. Bxc4 dxc4 18. d5 cxd5 19. Nxd5 Qb7 20. e4 Bd7 21. Qc3 Bc6 22. Rbd1 Rad8 23. axb5 axb5 24. Qd4 Ne6 25. Qe5 h6 26. Nc3 Rxd1 27. Rxd1 Ng5 28. Qc5 Nxe4 29. Nxe4 Bxe4 30. Re1 Bc6 31. Rxe8+ Bxe8 32. Nd4 Qe4 33. g3 Bd7 0-1

[Event "Prague Cedok op"]
[Site "Prague"]
[Date "1996.??.??"]
[Round "9"]
[White "Havrlik, Pavel"]
[Black "Mikulcik, Ladislav"]
[Result "1/2-1/2"]
[WhiteElo "2030"]
[BlackElo "2290"]
[PlyCount "64"]
[EventDate "1996.??.??"]
[EventType "swiss"]
[EventRounds "9"]
[EventCountry "CZE"]
[SourceTitle "EXT 2001"]
[Source "ChessBase"]
[SourceDate "2000.11.22"]
[SourceVersion "1"]
[SourceVersionDate "2000.11.22"]
[SourceQuality "1"]

1. c4 Nf6 2. Nc3 e6 3. e4 d5 4. e5 Ne4 5. Qe2 Nxc3 6. dxc3 d4 7. Bd2 c5 8. 0-0-0 Nc6 9. Nf3 Qb6 10. Kb1 Be7 11. cxd4 cxd4 12. Qe4 Bd7 13. Be1 0-0-0 14. Be2 Be8 15. Rd3 f6 16. exf6 Bxf6 17. Ka1 e5 18. Rb3 Qc7 19. Bd2 Kb8 20. Ng5 Bg6 21. Qf3 Bxg5 22. Bxg5 Rdf8 23. Qg3 e4 24. Bh4 d3 25. Qe3 dxe2 26. Bg3 Ne5 27. f4 Nxc4 28. Qxe2 Rf5 29. Rc1 Rc8 30. Rbc3 Bf7 31. b3 Qb6 32. bxc4 Qf6 1/2-1/2

[Event "CZE-chT 9697"]
[Site "Czech Republic"]
[Date "1996.??.??"]
[Round "2"]
[White "Jirovsky, Petr"]
[Black "Mikulcik, Ladislav"]
[Result "1-0"]
[WhiteElo "2305"]
[BlackElo "2290"]
[PlyCount "141"]
[EventDate "1996.??.??"]
[EventType "team-tourn"]
[EventRounds "11"]
[EventCountry "CZE"]
[SourceTitle "EXT 2019"]
[Source "ChessBase"]
[SourceDate "2018.10.10"]
[SourceVersion "1"]
[SourceVersionDate "2018.10.10"]
[SourceQuality "1"]
[WhiteTeam "Praha Mladi"]
[BlackTeam "Zlin"]
[WhiteTeamCountry "CZE"]
[BlackTeamCountry "CZE"]

1. e4 c5 2. Nc3 d6 3. f4 Nc6 4. Nf3 e6 5. Bc4 a6 6. a4 Nf6 7. d3 d5 8. Ba2 dxe4 9. Nxe4 Nxe4 10. dxe4 Qxd1+ 11. Kxd1 b5 12. c3 Bb7 13. Re1 Be7 14. Be3 0-0 15. Kc2 Na5 16. Bf2 bxa4 17. Ne5 Rfd8 18. Bc4 Nb3 19. Rxa4 Rd2+ 20. Kxb3 Rxf2 21. f5 Bd6 22. Nd3 Rxg2 23. e5 Be7 24. fxe6 fxe6 25. Bxe6+ Kh8 26. Rf4 Rb8 27. Ka2 Rd2 28. Rf7 Rxd3 29. Rxe7 Rd2 30. Rd7 Rxh2 31. Red1 h5 32. Bf5 g6 33. Bxg6 Bc6 34. R7d2 Rxd2 35. Rxd2 Be8 36. Bxh5 Bxh5 37. Rh2 Kg7 38. Rxh5 Kg6 39. Rh2 Kf5 40. Re2 Ke6 41. Ka3 c4 42. Re4 Rc8 43. Kb4 Rb8+ 44. Kxc4 Rxb2 45. Kd4 a5 46. Kc5 Rb3 47. Kd4 Rb1 48. Re2 Rd1+ 49. Kc5 Rd3 50. c4 a4 51. Kb4 a3 52. c5 a2 53. Rxa2 Kxe5 54. Kc4 Rd4+ 55. Kb5 Rd1 56. Ra8 Rb1+ 57. Kc6 Rh1 58. Rd8 Rc1 59. Kb6 Rb1+ 60. Kc7 Ke6 61. c6 Ke7 62. Rd2 Ke6 63. Kc8 Rc1 64. c7 Ke7 65. Re2+ Kf6 66. Re8 Kf7 67. Re4 Kf6 68. Kd7 Rd1+ 69. Kc6 Rc1+ 70. Kd6 Kf7 71. Re5 1-0

[Event "Prague Cedok op"]
[Site "Prague"]
[Date "1996.??.??"]
[Round "5"]
[White "Kalousek, Vladimir"]
[Black "Mikulcik, Ladislav"]
[Result "1/2-1/2"]
[WhiteElo "2140"]
[BlackElo "2290"]
[PlyCount "39"]
[EventDate "1996.??.??"]
[EventType "swiss"]
[EventRounds "9"]
[EventCountry "CZE"]
[SourceTitle "EXT 2001"]
[Source "ChessBase"]
[SourceDate "2000.11.22"]
[SourceVersion "1"]
[SourceVersionDate "2000.11.22"]
[SourceQuality "1"]

1. d4 d5 2. Nf3 Nf6 3. c4 e6 4. Nc3 c5 5. cxd5 Nxd5 6. e3 Nc6 7. Bd3 cxd4 8. exd4 Be7 9. 0-0 0-0 10. Re1 Nf6 11. a3 b6 12. Bc2 Bb7 13. Qd3 g6 14. Bh6 Re8 15. Rad1 Rc8 16. Bb3 Na5 17. Ba2 Ng4 18. Bf4 Bd6 19. Bxd6 Qxd6 20. d5 1/2-1/2

[Event "Zlin op"]
[Site "Zlin"]
[Date "1996.??.??"]
[Round "?"]
[White "Mikulcik, Ladislav"]
[Black "Kocian, Miroslav"]
[Result "0-1"]
[WhiteElo "2290"]
[BlackElo "1930"]
[PlyCount "67"]
[EventDate "1996.??.??"]
[EventType "swiss"]
[EventRounds "9"]
[EventCountry "CZE"]
[SourceTitle "EXT 1999"]
[Source "ChessBase"]
[SourceDate "1998.11.16"]
[SourceVersion "1"]
[SourceVersionDate "1998.11.16"]
[SourceQuality "1"]

1. e4 d6 2. d4 Nf6 3. Nc3 g6 4. f4 Bg7 5. Nf3 c5 6. Bb5+ Bd7 7. e5 Ng4 8. e6 fxe6 9. Ng5 Bxb5 10. Qxg4 Bc4 11. Nxh7 Bxd4 12. Qxg6+ Kd7 13. Ng5 Qf8 14. Bd2 Nc6 15. Qe4 Rb8 16. b3 Qf6 17. Qf3 Ba6 18. Nce4 Qg6 19. 0-0-0 c4 20. Bc3 Bb6 21. Bxh8 Rxh8 22. Qc3 Rf8 23. bxc4 Rxf4 24. c5 Ba5 25. Qe3 Qg7 26. c3 Qe5 27. cxd6 Bb6 28. Qe1 Bc4 29. Kb1 Rg4 30. dxe7+ Kxe7 31. g3 Bd5 32. h3 Rxe4 33. Nxe4 Bxe4+ 34. Ka1 0-1

[Event "CZE-chT 9697"]
[Site "Czech Republic"]
[Date "1996.??.??"]
[Round "1"]
[White "Mikulcik, Ladislav"]
[Black "Sergeev, Vladimir"]
[Result "0-1"]
[WhiteElo "2290"]
[BlackElo "2435"]
[PlyCount "140"]
[EventDate "1996.??.??"]
[EventType "team-tourn"]
[EventRounds "11"]
[EventCountry "CZE"]
[SourceTitle "EXT 2019"]
[Source "ChessBase"]
[SourceDate "2018.10.10"]
[SourceVersion "1"]
[SourceVersionDate "2018.10.10"]
[SourceQuality "1"]
[WhiteTeam "Zlin"]
[BlackTeam "Praha Dukla"]
[WhiteTeamCountry "CZE"]
[BlackTeamCountry "CZE"]

1. e4 Nf6 2. e5 Nd5 3. c4 Nb6 4. c5 Nd5 5. Nc3 e6 6. Bc4 Nxc3 7. dxc3 Nc6 8. Bf4 Qh4 9. g3 Qe7 10. Nf3 Qxc5 11. Qe2 d5 12. Bd3 h6 13. h4 Bd7 14. 0-0 g6 15. Rfc1 Bg7 16. b4 Qe7 17. Qe3 a5 18. b5 Na7 19. b6 cxb6 20. Qxb6 Bc6 21. Qxa5 Qd8 22. Qc5 g5 23. hxg5 d4 24. Nxd4 hxg5 25. Nxc6 Nxc6 26. Be4 gxf4 27. Bxc6+ bxc6 28. Qxc6+ Kf8 29. Rd1 Qc8 30. Qxc8+ Rxc8 31. gxf4 Rh4 32. Rd4 Rh3 33. c4 Rc3 34. a4 R3xc4 35. Rxc4 Rxc4 36. a5 Bh6 37. a6 Rc8 38. a7 Ra8 39. Ra4 Ke8 40. Kg2 Bf8 41. Kf3 Bc5 42. Ra5 Bd4 43. Ra4 Bc5 44. Ra5 Bxa7 45. Ke4 Kd7 46. f5 Kc6 47. fxe6 fxe6 48. Ra6+ Kb5 49. Rxe6 Bxf2 50. Kd5 Bc5 51. Rg6 Ra4 52. e6 Ra1 53. Rg8 Rd1+ 54. Ke5 Bd6+ 55. Ke4 Kc6 56. Rc8+ Bc7 57. Kf5 Re1 58. Re8 Kd6 59. Kf4 Re5 60. Kf3 Kd5 61. Kf2 Ke4 62. Ke2 Bd6 63. Kd2 Kd4 64. Kc2 Re2+ 65. Kb3 Re3+ 66. Kc2 Kc4 67. Kd2 Re4 68. Rc8+ Bc5 69. Re8 Bb4+ 70. Kd1 Kb3 0-1

[Event "CZE-chT2c 9596"]
[Site "Czech Republic"]
[Date "1996.??.??"]
[Round "1"]
[White "Olsar, Jaroslav"]
[Black "Mikulcik, Ladislav"]
[Result "1-0"]
[WhiteElo "2340"]
[BlackElo "2305"]
[PlyCount "93"]
[EventDate "1995.??.??"]
[EventType "team-tourn"]
[EventRounds "11"]
[EventCountry "CZE"]
[SourceTitle "EXT 2000"]
[Source "ChessBase"]
[SourceDate "1999.11.16"]
[SourceVersion "1"]
[SourceVersionDate "1999.11.16"]
[SourceQuality "1"]

1. e4 c5 2. c3 d5 3. exd5 Qxd5 4. d4 e6 5. Nf3 Nf6 6. Na3 cxd4 7. Nb5 Na6 8. Qxd4 Bc5 9. Qxd5 Nxd5 10. Bc4 Nb6 11. Be2 0-0 12. 0-0 Rd8 13. b4 Be7 14. a3 Bd7 15. Be3 Nd5 16. Bd2 Bxb5 17. Bxb5 Bf6 18. Rac1 Rac8 19. c4 Ndc7 20. Bg5 Bxg5 21. Nxg5 h6 22. Ne4 Nxb5 23. cxb5 Rxc1 24. Rxc1 Nc7 25. Nc3 Rd4 26. b6 axb6 27. Rd1 Rxd1+ 28. Nxd1 Nd5 29. Kf1 Kf8 30. Ke2 Ke7 31. g3 Kd6 32. Kd3 e5 33. f3 f5 34. Kc4 Kc6 35. a4 Kd6 36. Nf2 Ne3+ 37. Kb5 Nf1 38. Kxb6 Nxh2 39. Kxb7 Nxf3 40. a5 Nd4 41. a6 Nb5 42. a7 Nxa7 43. Kxa7 Kc6 44. Ka6 Kc7 45. b5 Kb8 46. Nd3 e4 47. Nf4 1-0

[Event "CZE-chT1c 9495"]
[Site "Czech Republic"]
[Date "1995.??.??"]
[Round "6"]
[White "Jokl, Ludek"]
[Black "Mikulcik, Ladislav"]
[Result "1-0"]
[WhiteElo "2215"]
[BlackElo "2305"]
[PlyCount "119"]
[EventDate "1994.??.??"]
[EventType "team-tourn"]
[EventRounds "11"]
[EventCountry "CZE"]
[SourceTitle "EXT 1998"]
[Source "ChessBase"]
[SourceDate "1997.11.17"]
[SourceVersion "1"]
[SourceVersionDate "1997.11.17"]
[SourceQuality "1"]

1. e4 c5 2. Nf3 d6 3. c3 Nf6 4. Be2 Nbd7 5. d3 g6 6. 0-0 Bg7 7. Re1 0-0 8. Bf1 Re8 9. d4 e5 10. dxe5 Nxe5 11. Nxe5 dxe5 12. Qxd8 Rxd8 13. f3 Be6 14. Be3 Rac8 15. c4 Nh5 16. Nc3 f5 17. Red1 Bf8 18. Nd5 f4 19. Bf2 g5 20. Rd2 Bxd5 21. cxd5 Bd6 22. Rc2 b6 23. Rac1 Rb8 24. a4 a5 25. Bb5 Nf6 26. Kf1 Kf7 27. Ke2 Rg8 28. Kd3 g4 29. Bh4 Rg6 30. Kc4 Rh6 31. Bxf6 Kxf6 32. Bd7 Rxh2 33. Bxg4 Rh6 34. Be6 Ke7 35. Rd1 Kd8 36. Rcc1 Rg6 37. Bh3 Kc7 38. Rh1 Rh8 39. Rh2 h6 40. Bg4 Rf6 41. Rh5 Re8 42. Rch1 Bf8 43. Bf5 Rd6 44. b3 Bg7 45. Be6 Re7 46. R5h4 Rd8 47. Rg4 Rd6 48. Rg6 Bf8 49. Rh5 Bg7 50. Rh4 Bf8 51. Rhg4 Rd8 52. Bf5 Kb7 53. Kb5 Ka7 54. Rc6 Rb7 55. Rgg6 Rdb8 56. Bc8 Rf7 57. d6 h5 58. d7 Be7 59. Rc7+ Ka8 60. Ka6 1-0

[Event "CZE-chT1c 9495"]
[Site "Czech Republic"]
[Date "1995.??.??"]
[Round "3"]
[White "Nedela, Vlastimil"]
[Black "Mikulcik, Ladislav"]
[Result "1-0"]
[WhiteElo "2435"]
[BlackElo "2305"]
[PlyCount "51"]
[EventDate "1994.??.??"]
[EventType "team-tourn"]
[EventRounds "11"]
[EventCountry "CZE"]
[SourceTitle "EXT 1998"]
[Source "ChessBase"]
[SourceDate "1997.11.17"]
[SourceVersion "1"]
[SourceVersionDate "1997.11.17"]
[SourceQuality "1"]

1. c4 Nf6 2. Nc3 c5 3. Nf3 d5 4. cxd5 Nxd5 5. e4 Nb4 6. Bb5+ Bd7 7. a3 N4c6 8. d4 cxd4 9. Nxd4 Nxd4 10. Qxd4 Nc6 11. Qe3 a6 12. Bxc6 Bxc6 13. Qg3 Qd7 14. 0-0 g6 15. Rd1 Qe6 16. Nd5 Bxd5 17. exd5 Rd8 18. Bg5 Qd6 19. Bf4 Qd7 20. Qc3 f6 21. Bc7 Rc8 22. d6 Bg7 23. Qb3 b5 24. dxe7 Qxc7 25. Qe6 Qc2 26. Qd7+ 1-0

[Event "Zlin-B"]
[Site "Zlin"]
[Date "1995.??.??"]
[Round "?"]
[White "Sosna, Jan"]
[Black "Mikulcik, Ladislav"]
[Result "1/2-1/2"]
[WhiteElo "2310"]
[BlackElo "2305"]
[PlyCount "25"]
[EventDate "1995.??.??"]
[EventType "tourn"]
[EventRounds "9"]
[EventCountry "CZE"]
[EventCategory "5"]
[SourceTitle "CBM 049 Extra"]
[Source "ChessBase"]
[SourceDate "1996.01.01"]
[SourceVersion "1"]
[SourceVersionDate "1996.01.01"]
[SourceQuality "1"]

1. d4 Nf6 2. Nf3 d5 3. c3 e6 4. Bg5 Be7 5. e3 h6 6. Bh4 0-0 7. Nbd2 b6 8. Bd3 Ba6 9. Bxa6 Nxa6 10. 0-0 Nb8 11. Qe2 Nbd7 12. Bg3 c5 13. e4 1/2-1/2

[Event "CZE-ch"]
[Site "Luhacovice"]
[Date "1993.??.??"]
[Round "11"]
[White "Pachman, Ludek"]
[Black "Mikulcik, Ladislav"]
[Result "1/2-1/2"]
[WhiteElo "2370"]
[BlackElo "2250"]
[PlyCount "20"]
[EventDate "1993.??.??"]
[EventType "swiss"]
[EventRounds "11"]
[EventCountry "CZE"]
[SourceTitle "TD"]
[Source "ChessBase"]
[SourceDate "1994.03.01"]
[SourceVersion "1"]
[SourceVersionDate "1994.03.01"]
[SourceQuality "1"]

1. d4 d5 2. c4 dxc4 3. Nf3 Nf6 4. Qa4+ c6 5. Qxc4 Bf5 6. g3 Nbd7 7. Bg2 e6 8. 0-0 Be7 9. Nc3 0-0 10. Re1 Ne4 1/2-1/2

[Event "CZE-ch"]
[Site "Luhacovice"]
[Date "1993.??.??"]
[Round "6"]
[White "Sosna, Jan"]
[Black "Mikulcik, Ladislav"]
[Result "1/2-1/2"]
[WhiteElo "2375"]
[BlackElo "2250"]
[PlyCount "37"]
[EventDate "1993.??.??"]
[EventType "swiss"]
[EventRounds "11"]
[EventCountry "CZE"]
[SourceTitle "TD"]
[Source "ChessBase"]
[SourceDate "1994.03.01"]
[SourceVersion "1"]
[SourceVersionDate "1994.03.01"]
[SourceQuality "1"]

1. e4 e6 2. d4 d5 3. Nc3 dxe4 4. Nxe4 Nf6 5. Bg5 Be7 6. Bxf6 Bxf6 7. Nf3 b6 8. Bd3 Bb7 9. 0-0 0-0 10. c3 Nd7 11. Qe2 g6 12. Nxf6+ Qxf6 13. Be4 Bxe4 14. Qxe4 c5 15. dxc5 Nxc5 16. Qe2 Rfd8 17. Rad1 Rxd1 18. Rxd1 Rd8 19. Rxd8+ 1/2-1/2